00544nam a2200181Ia 450000500170000000800410001702000150005808200130007310000150008624500440010126000560014530000160020165000130021765000160023094200060024695200950025299900150034720240724044944.0240331s9999 xx 000 0 und d a9555992673 bFERa291 aFernando,M 0aIn Spirit and in truthcMervyn Fernando aSri LankabSarvodaya vishva lekha publicationc2001 axi, 140 p., aReligion aMethodology cL 001040708LaWERCLbWERCLcSSCd2024-03-31l0o 291 FERp6269r2024-03-31w2024-03-31yL c4511d4511